01372cam a22003015a 45000010009000000050017000090080041000260400033000670820020001002450135001202460062002552600041003173000038003585000024003965000027004206300016004476500059004636500056005226510010005786530026005887100042006148560091006568560092007478560106008399420008009459990017009539520100009701431167520180506142421.0060323t2007 waua frd 001 0 eng d aDLCcDLCdDLCdEG-ScBUEbeng04222a005.36bMCT00aMCTS self-paced training kit (exam 70-431) :bMicrosoft SQL server 2005--implementation and maintenance /cSolid Quality Learning.30aMicrosoft SQL server 2005--implementation and maintenance aRedmond :bMicrosoft Press,cc.2007. axxxviii, 950 p. :bill. ;c24 cm. aIndex : p. 923-950. aGlossary : p. 909-922.07aSQL server. 7aMicrosoft softwarexExaminationsvStudy guides.2BUEsh 7aTelecommunications engineersxCertification.2BUEsh 2BUEsh bGGENbCOMSCIcMay20182 aSolid Quality Learning (Organization)423Publisher descriptionuhttp://www.loc.gov/catdir/enhancements/fy1004/2006924471-d.html413Table of contents onlyuhttp://www.loc.gov/catdir/enhancements/fy1010/2006924471-t.html423Contributor biographical informationuhttp://www.loc.gov/catdir/enhancements/fy1211/2006924471-b.html 2ddc c26638d26610 00102ddc4070aMAINbMAINcLOWd2018-05-06l0o005.36 MCTp000047693r2025-07-15 00:00:00yBB